[Event "Nova Gorica op-A 19th"]
[Site "Nova Gorica"]
[Date "2014.02.04"]
[Round "7"]
[White "Feltrin, Kris"]
[Black "Dzamastagic, Elvis"]
[Result "1/2-1/2"]
[WhiteElo "1753"]
[BlackElo "1458"]
[PlyCount "32"]
[EventDate "2014.01.31"]
[EventType "swiss"]
[EventRounds "9"]
[EventCountry "SLO"]
[SourceTitle "CBM 158 Extra"]
[Source "ChessBase"]
[SourceDate "2014.02.28"]
[SourceVersion "1"]
[SourceVersionDate "2014.02.28"]
[SourceQuality "1"]

1. e4 c5 2. Nf3 d6 3. d4 cxd4 4. Nxd4 g6 5. Nc3 Bg7 6. Be3 Nf6 7. Be2 0-0 8. 0-0 Nc6 9. Kh1 d5 10. Nxc6 bxc6 11. e5 Nd7 12. f4 Nb6 13. a4 a5 14. Qd4 Nd7 15. Bg4 e6 16. Qd2 Ba6 1/2-1/2

[Event "Nova Gorica op-A 19th"]
[Site "Nova Gorica"]
[Date "2014.02.02"]
[Round "4"]
[White "Feltrin, Kris"]
[Black "Skok, Joze"]
[Result "1/2-1/2"]
[WhiteElo "1753"]
[BlackElo "2027"]
[PlyCount "41"]
[EventDate "2014.01.31"]
[EventType "swiss"]
[EventRounds "9"]
[EventCountry "SLO"]
[SourceTitle "CBM 158 Extra"]
[Source "ChessBase"]
[SourceDate "2014.02.28"]
[SourceVersion "1"]
[SourceVersionDate "2014.02.28"]
[SourceQuality "1"]

1. e4 e6 2. d4 d5 3. Nc3 Nf6 4. Bg5 Be7 5. e5 Nfd7 6. Bxe7 Qxe7 7. Nf3 a6 8. Ne2 Qb4+ 9. c3 Qxb2 10. h4 c5 11. h5 h6 12. Rh3 cxd4 13. Nfxd4 Nxe5 14. f4 Ng4 15. Rb1 Qxa2 16. Nb3 Qa4 17. Ned4 Qa2 18. Be2 Nf6 19. Ra1 Qb2 20. Nb5 Kd8 21. Rb1 1/2-1/2

[Event "Nova Gorica op-A 19th"]
[Site "Nova Gorica"]
[Date "2014.02.01"]
[Round "3"]
[White "Muradore, Aldo"]
[Black "Feltrin, Kris"]
[Result "0-1"]
[WhiteElo "1543"]
[BlackElo "1753"]
[PlyCount "53"]
[EventDate "2014.01.31"]
[EventType "swiss"]
[EventRounds "9"]
[EventCountry "SLO"]
[SourceTitle "CBM 158 Extra"]
[Source "ChessBase"]
[SourceDate "2014.02.28"]
[SourceVersion "1"]
[SourceVersionDate "2014.02.28"]
[SourceQuality "1"]

1. d4 Nf6 2. c4 e6 3. Nf3 Bb4+ 4. Bd2 Qe7 5. a3 Bxd2+ 6. Nbxd2 Nc6 7. e3 d6 8. Bd3 0-0 9. 0-0 e5 10. dxe5 Nxe5 11. Nxe5 dxe5 12. Qc2 Bd7 13. Rad1 Rfd8 14. Ne4 h6 15. Nxf6+ Qxf6 16. Be4 c6 17. c5 Be6 18. b4 Qe7 19. f4 Bg4 20. Bf3 Bxf3 21. Rxf3 Rxd1+ 22. Qxd1 Rd8 23. Qe2 e4 24. Rh3 Qd7 25. Kf2 Qd3 26. f5 Qc3 27. Rh4 0-1

[Event "SLO-ch U16"]
[Site "Murska Sobota"]
[Date "2013.03.01"]
[Round "9"]
[White "Krcmar, Aleksander"]
[Black "Feltrin, Kris"]
[Result "1/2-1/2"]
[WhiteElo "1591"]
[BlackElo "1727"]
[PlyCount "24"]
[EventDate "2013.02.23"]
[EventType "swiss"]
[EventRounds "9"]
[EventCountry "SLO"]
[SourceTitle "EXT 2022"]
[Source "ChessBase"]
[SourceDate "2021.10.06"]
[SourceVersion "1"]
[SourceVersionDate "2021.10.06"]
[SourceQuality "1"]

1. e4 c5 2. c3 d5 3. exd5 Qxd5 4. d4 Nf6 5. Nf3 Bg4 6. Be2 e6 7. h3 Bh5 8. 0-0 Nc6 9. Be3 cxd4 10. cxd4 Be7 11. Nc3 Qd8 12. Rc1 a6 1/2-1/2

[Event "SLO-ch U16"]
[Site "Murska Sobota"]
[Date "2013.02.26"]
[Round "5"]
[White "Skuhala, Jernej"]
[Black "Feltrin, Kris"]
[Result "1-0"]
[WhiteElo "1938"]
[BlackElo "1727"]
[PlyCount "127"]
[EventDate "2013.02.23"]
[EventType "swiss"]
[EventRounds "9"]
[EventCountry "SLO"]
[SourceTitle "EXT 2022"]
[Source "ChessBase"]
[SourceDate "2021.10.06"]
[SourceVersion "1"]
[SourceVersionDate "2021.10.06"]
[SourceQuality "1"]

1. e4 c5 2. Nf3 Nc6 3. Nc3 g6 4. d4 cxd4 5. Nxd4 Bg7 6. Be3 Nf6 7. Bc4 Qa5 8. 0-0 0-0 9. Nb3 Qc7 10. f4 d6 11. Be2 b6 12. Bf3 Bb7 13. Re1 Rad8 14. Nd5 Qd7 15. c3 e5 16. fxe5 dxe5 17. Bg5 Qd6 18. Re2 Ne7 19. Nxf6+ Bxf6 20. Rd2 Qc6 21. Rxd8 Bxg5 22. Rxf8+ Kxf8 23. Qd8+ Kg7 24. Qd3 Bc8 25. Rd1 Be6 26. Kh1 Qa4 27. Nc1 Bxa2 28. Nxa2 Qxa2 29. b4 Qb2 30. Rb1 Qd2 31. Qc4 Qc2 32. Rd1 Qa4 33. Qc7 Bf6 34. Qc4 Qc2 35. Rf1 Ng8 36. Be2 Nh6 37. Ra1 Bg5 38. Rf1 Bd2 39. Rf3 Qc1+ 40. Bf1 Qe1 41. h3 Bf4 42. Qe2 Qh4 43. Kg1 a5 44. bxa5 bxa5 45. Qb5 Qe1 46. Qe2 Qc1 47. Qa2 Qe1 48. Qf2 Qxe4 49. g3 Bg5 50. Bg2 Qb1+ 51. Kh2 a4 52. Qc5 Qe1 53. Rf1 Qd2 54. Qxe5+ f6 55. Qc5 Nf5 56. Rb1 Qd6 57. Qxd6 Nxd6 58. Ra1 Bd2 59. Rd1 Bxc3 60. Rxd6 a3 61. Ra6 Bb2 62. Bd5 f5 63. Kg2 Kh6 64. Ra7 1-0

[Event "SLO-ch U16"]
[Site "Murska Sobota"]
[Date "2013.02.24"]
[Round "3"]
[White "Drobnic, Milan"]
[Black "Feltrin, Kris"]
[Result "1/2-1/2"]
[WhiteElo "1733"]
[BlackElo "1727"]
[PlyCount "32"]
[EventDate "2013.02.23"]
[EventType "swiss"]
[EventRounds "9"]
[EventCountry "SLO"]
[SourceTitle "EXT 2022"]
[Source "ChessBase"]
[SourceDate "2021.10.06"]
[SourceVersion "1"]
[SourceVersionDate "2021.10.06"]
[SourceQuality "1"]

1. d4 Nf6 2. c4 e6 3. Nf3 Bb4+ 4. Bd2 Qe7 5. a3 Bxd2+ 6. Qxd2 b6 7. g3 Bb7 8. Bg2 0-0 9. 0-0 d6 10. Nc3 Ne4 11. Nxe4 Bxe4 12. Rac1 Nd7 13. Rfd1 Rad8 14. e3 Nf6 15. b4 Bb7 16. Qc2 c5 1/2-1/2

[Event "Nova Gorica op-A 18th"]
[Site "Nova Gorica"]
[Date "2013.01.30"]
[Round "8"]
[White "Kosir, Franci"]
[Black "Feltrin, Kris"]
[Result "0-1"]
[WhiteElo "1918"]
[BlackElo "1727"]
[PlyCount "62"]
[EventDate "2013.01.25"]
[EventType "swiss"]
[EventRounds "9"]
[EventCountry "SLO"]
[SourceTitle "CBM 152 Extra"]
[Source "ChessBase"]
[SourceDate "2013.02.25"]
[SourceVersion "1"]
[SourceVersionDate "2013.02.25"]
[SourceQuality "1"]

1. Nf3 c5 2. c4 Nc6 3. Nc3 Nf6 4. g3 g6 5. Bg2 Bg7 6. 0-0 0-0 7. a3 d6 8. Rb1 Bf5 9. d3 Rb8 10. b4 Nd7 11. Bd2 Qc8 12. Qc1 cxb4 13. axb4 Nde5 14. Nxe5 Bxe5 15. Re1 h5 16. Nd5 Re8 17. Bg5 f6 18. Bd2 Kf7 19. Qa3 h4 20. e3 hxg3 21. hxg3 Bh3 22. f4 Bxg2 23. Kxg2 Rh8 24. Rh1 Qg4 25. Kf2 e6 26. d4 Bxd4 27. exd4 exd5 28. Be3 Qf5 29. b5 Qc2+ 30. Kf3 Qe4+ 31. Ke2 Nxd4+ 0-1

[Event "Nova Gorica op-A 18th"]
[Site "Nova Gorica"]
[Date "2013.01.29"]
[Round "7"]
[White "Feltrin, Kris"]
[Black "Bratkovic, Sham"]
[Result "1/2-1/2"]
[WhiteElo "1727"]
[BlackElo "1957"]
[PlyCount "35"]
[EventDate "2013.01.25"]
[EventType "swiss"]
[EventRounds "9"]
[EventCountry "SLO"]
[SourceTitle "CBM 152 Extra"]
[Source "ChessBase"]
[SourceDate "2013.02.25"]
[SourceVersion "1"]
[SourceVersionDate "2013.02.25"]
[SourceQuality "1"]

1. e4 c5 2. Nf3 Nc6 3. d4 cxd4 4. Nxd4 Qc7 5. Nc3 e6 6. Be3 a6 7. Be2 Nf6 8. 0-0 Be7 9. f4 d6 10. Kh1 0-0 11. Qe1 Bd7 12. Qg3 Kh8 13. Nf3 Rac8 14. Qh3 b5 15. a3 Ng8 16. Bd3 g6 17. g4 f6 18. Rae1 1/2-1/2

[Event "Wch U14"]
[Site "Maribor"]
[Date "2012.11.17"]
[Round "10.71"]
[White "Guo, Hong Da Tony D"]
[Black "Feltrin, Kris"]
[Result "0-1"]
[WhiteElo "1920"]
[BlackElo "1744"]
[PlyCount "82"]
[EventDate "2012.11.08"]
[EventType "swiss"]
[EventRounds "11"]
[EventCountry "SLO"]
[SourceTitle "EXT 2013"]
[Source "ChessBase"]
[SourceDate "2012.11.22"]
[SourceVersion "1"]
[SourceVersionDate "2012.11.22"]
[SourceQuality "1"]

1. Nf3 c5 2. g3 g6 3. Bg2 Bg7 4. 0-0 Nc6 5. c4 e6 6. Nc3 Nge7 7. e3 0-0 8. d4 cxd4 9. exd4 d5 10. b3 dxc4 11. bxc4 Nxd4 12. Bg5 Nxf3+ 13. Qxf3 f6 14. Rfd1 Qa5 15. Bd2 Qf5 16. Qe2 Nc6 17. Be3 Qe5 18. Ne4 f5 19. Ng5 Qxa1 20. Rxa1 Bxa1 21. Qd1 Bf6 22. Qd6 Rd8 23. Qc7 Rd7 24. Qf4 h6 25. Ne4 Bg7 26. Nc5 Rd1+ 27. Bf1 Ne5 28. h4 g5 29. hxg5 hxg5 30. Qxe5 Bxe5 31. Bxg5 b6 32. Nd3 Rxd3 33. Bxd3 Ba6 34. Kg2 Rc8 35. Bc2 Bxc4 36. Bd1 Bxa2 37. g4 fxg4 38. Bxg4 Bd5+ 39. Kh3 Rc3+ 40. Kh4 a5 41. Kh5 Bf3 0-1

[Event "Ljubljana Summer op I"]
[Site "Ljubljana"]
[Date "2012.07.14"]
[Round "4"]
[White "Feltrin, Kris"]
[Black "Drobnic, Milan"]
[Result "1/2-1/2"]
[WhiteElo "1674"]
[BlackElo "1716"]
[PlyCount "40"]
[EventDate "2012.07.13"]
[EventType "swiss"]
[EventRounds "5"]
[EventCountry "SLO"]
[SourceTitle "EXT 2023"]
[Source "ChessBase"]
[SourceDate "2022.10.05"]
[SourceVersion "1"]
[SourceVersionDate "2022.10.05"]
[SourceQuality "1"]

1. e4 c5 2. Nf3 d6 3. d4 cxd4 4. Nxd4 Nf6 5. Nc3 a6 6. Bc4 e6 7. Bb3 Be7 8. 0-0 b5 9. Re1 Bb7 10. a3 Nbd7 11. f3 0-0 12. Bxe6 Nc5 13. Bd5 Nxd5 14. Nxd5 Bh4 15. g3 Bg5 16. Bxg5 Qxg5 17. f4 Qd8 18. Nb3 Na4 19. Rb1 Re8 20. Qd2 Rc8 1/2-1/2

[Event "SLO-ch U20"]
[Site "Kamnik"]
[Date "2012.06.24"]
[Round "2"]
[White "Bratkovic, Jakob"]
[Black "Feltrin, Kris"]
[Result "1-0"]
[WhiteElo "1916"]
[BlackElo "1677"]
[PlyCount "41"]
[EventDate "2012.06.23"]
[EventType "swiss"]
[EventRounds "7"]
[EventCountry "SLO"]
[SourceTitle "EXT 2019"]
[Source "ChessBase"]
[SourceDate "2018.10.10"]
[SourceVersion "1"]
[SourceVersionDate "2018.10.10"]
[SourceQuality "1"]

1. e4 c5 2. Nf3 d6 3. d4 cxd4 4. Nxd4 Nf6 5. Nc3 g6 6. Be3 Bg7 7. f3 Nc6 8. Qd2 0-0 9. 0-0-0 Bd7 10. Kb1 a6 11. h4 h5 12. Be2 Ne5 13. Rdg1 Qc8 14. Nd5 Nxd5 15. exd5 Nc4 16. Bxc4 Qxc4 17. g4 Qxd5 18. gxh5 Qxh5 19. Rg5 Qh7 20. h5 Be8 21. Rgg1 1-0

[Event "Ljubljana Spring op"]
[Site "Ljubljana"]
[Date "2012.04.25"]
[Round "4"]
[White "Cop, Jaka"]
[Black "Feltrin, Kris"]
[Result "1-0"]
[WhiteElo "1639"]
[BlackElo "1686"]
[PlyCount "79"]
[EventDate "2012.04.04"]
[EventType "swiss"]
[EventRounds "9"]
[EventCountry "SLO"]
[SourceTitle "EXT 2023"]
[Source "ChessBase"]
[SourceDate "2022.10.05"]
[SourceVersion "1"]
[SourceVersionDate "2022.10.05"]
[SourceQuality "1"]

1. e4 c5 2. Nc3 d6 3. g3 Nf6 4. h3 Nc6 5. Bg2 g6 6. d3 Bg7 7. f4 Bd7 8. Nge2 0-0 9. 0-0 a6 10. a4 e6 11. Be3 Rb8 12. e5 Ne8 13. exd6 Nd4 14. Ne4 Nxe2+ 15. Qxe2 Bxb2 16. Rab1 Bd4 17. Nxc5 Bxe3+ 18. Qxe3 Nxd6 19. Qd4 Qc7 20. Nxd7 Qxd7 21. Rxb7 Rxb7 22. Bxb7 Qxb7 23. Qxd6 Qb2 24. Qxa6 Qxc2 25. Qc4 Rc8 26. Qxc2 Rxc2 27. Ra1 Rc3 28. a5 Rxd3 29. a6 Rd8 30. a7 Ra8 31. Kf2 Kf8 32. Ke3 Ke7 33. Kd4 Kd6 34. Ra6+ Kd7 35. g4 Kd8 36. g5 Kd7 37. Ke5 Ke7 38. h4 Ke8 39. Kf6 Kf8 40. Rb6 1-0

[Event "Ljubljana Spring op"]
[Site "Ljubljana"]
[Date "2012.04.11"]
[Round "2"]
[White "Feltrin, Kris"]
[Black "Kolar, Drago"]
[Result "1/2-1/2"]
[WhiteElo "1686"]
[BlackElo "1870"]
[PlyCount "73"]
[EventDate "2012.04.04"]
[EventType "swiss"]
[EventRounds "9"]
[EventCountry "SLO"]
[SourceTitle "EXT 2023"]
[Source "ChessBase"]
[SourceDate "2022.10.05"]
[SourceVersion "1"]
[SourceVersionDate "2022.10.05"]
[SourceQuality "1"]

1. e4 c6 2. d4 d5 3. exd5 cxd5 4. c4 Nf6 5. Nc3 e6 6. Nf3 Bb4 7. Bd2 0-0 8. Bd3 Nc6 9. a3 dxc4 10. Bxc4 Be7 11. Bf4 a6 12. 0-0 b5 13. Ba2 b4 14. axb4 Nxb4 15. Bc4 Bb7 16. Ne5 Rc8 17. Qd2 Bd6 18. Qe2 Qc7 19. Bb3 Nfd5 20. Nxd5 Nxd5 21. Bxd5 Bxd5 22. Rxa6 f6 23. Rxd6 Qxd6 24. Ng6 Qb4 25. Nxf8 Kxf8 26. Qa6 Rc6 27. Qa3 Qxa3 28. bxa3 g5 29. Be3 Ra6 30. Ra1 Ra4 31. h3 Kf7 32. f3 h5 33. Kf1 Kg6 34. Ke2 Kf5 35. g4+ hxg4 36. hxg4+ Kg6 37. Kf2 1/2-1/2

[Event "Nova Gorica op-A 17th"]
[Site "Nova Gorica"]
[Date "2012.01.27"]
[Round "1"]
[White "Popovic, Milan S"]
[Black "Feltrin, Kris"]
[Result "1-0"]
[WhiteElo "2045"]
[BlackElo "1644"]
[PlyCount "35"]
[EventDate "2012.01.27"]
[EventType "swiss"]
[EventRounds "9"]
[EventCountry "SLO"]
[SourceTitle "CBM 146 Extra"]
[Source "ChessBase"]
[SourceDate "2012.02.29"]
[SourceVersion "1"]
[SourceVersionDate "2012.02.29"]
[SourceQuality "1"]

1. e4 c5 2. Nc3 d6 3. f4 Nc6 4. Nf3 Nf6 5. Bc4 g6 6. 0-0 Bg7 7. d3 a6 8. a4 0-0 9. f5 Qd7 10. Ng5 Ne5 11. Bb3 b6 12. Bf4 Bb7 13. Qe1 b5 14. Bxe5 dxe5 15. fxg6 hxg6 16. Qh4 Qg4 17. Qxg4 Nxg4 18. Rxf7 1-0